Fitzgerald. Neuroanatomía clínica y neurociencia
Na minha lista:
| Autor principal: | |
|---|---|
| Outros Autores: | , |
| Formato: | Desconhecido |
| Idioma: | inglês |
| Publicado em: |
Barcelona, España:
Elsevier,
2022
|
| Edição: | 8.ª edición. |
| Assuntos: | |
| Tags: |
Adicionar Tag
Sem tags, seja o primeiro a adicionar uma tag!
|
MARC
| LEADER | 00000 a2200000 4500 | ||
|---|---|---|---|
| 003 | CL-VaPUC | ||
| 005 | 20231127145349.0 | ||
| 008 | 231120b ||||| |||| 00| 0 eng d | ||
| 999 | |c 442090 |d 442088 | ||
| 020 | |a 9788491131021 | ||
| 040 | |c Pontificia Universidad Católica de Valparaíso | ||
| 082 | 7 | |2 22 |a 611.8 MTU 2022 | |
| 100 | |a Mtui, Estomih |9 596367 |e autor | ||
| 245 | |a Fitzgerald. |b Neuroanatomía clínica y neurociencia | ||
| 250 | |a 8.ª edición. | ||
| 260 | |a Barcelona, España: |b Elsevier, |c 2022 | ||
| 300 | |a xv, 416 páginas : |b ilustraciones. | ||
| 500 | |a Incluye versión digital en inglés. | ||
| 583 | |k GC |c 20231120 | ||
| 650 | 0 | |a Neurofisiología |9 342078 | |
| 650 | 0 | |a Neuroanatomía |9 269717 | |
| 700 | |a Gruener, Gregory |9 596368 |e autor | ||
| 700 | |a Dockery, Peter |9 596369 |e autor | ||
| 942 | |2 ddc |c BK | ||
| 952 | |0 0 |1 0 |2 ddc |4 0 |6 611_800000000000000_MTU_2022 |7 0 |8 A |9 592528 |a BIBCUR |b BIBCUR |c GEN |d 2023-11-16 |e 3 |g 63683.33 |i 5659564 |l 5 |m 4 |o 611.8 MTU 2022 |p 5659564 |r 2025-04-22 |s 2024-11-20 |t 1 |v 63683.33 |w 2023-11-16 |y BK |k BIO | ||